[Event "Ch Bayern (seniors) (open)"]
[Site "Schney (Germany)"]
[Round "7"]
[White "Kunte Herbert (GER)"]
[Black "Pohrer Hans"]
[Result "1-0"]
[WhiteElo "1982"]
[BlackElo "1800"]

1.d4 Nf6 2.c4 d6 3.Nc3 Bf5 4.f3 Nc6 5.e4 Bd7 6.Be3 e5 7.d5 Ne7 8.Nge2 g6 9.Qd2
Bg7 10.g4 a6 11.Ng3 h6 12.h4 c5 13.Be2 Qa5 14.O-O-O O-O-O 15.Kb1 Kb8 16.g5
hxg5 17.Bxg5 Rde8 18.Rdf1 Nh5 19.Nxh5 gxh5 20.f4 f6 21.f5 Reg8 22.Be3 Qd8
23.Rhg1 Qf8 24.Rg2 Bh6 25.Rxg8 Nxg8 26.Rg1 Bxe3 27.Qxe3 Be8 28.Qg3 Nh6 29.Qg7
Qxg7 30.Rxg7 Rg8 31.Re7 Ng4 32.Kc1 Kc8 33.Kd2 Bd7 34.Bf3 b5 35.b3 Kd8 36.Rh7
bxc4 37.bxc4 Be8 38.Ra7 Nh2 39.Be2 Rg2 40.Rxa6 Ke7 41.Ra7+ Kf8 42.Ra8 Ke7
43.Ra7+ Kd8 44.Ke1 Ng4 45.Nb5 Bxb5 46.cxb5 Rg1+ 47.Kd2 Rb1 48.Bd3 Rb2+ 49.Kc3
Rh2 50.b6 Rh3 51.Kc4 Kc8 52.Kb5 Rxd3 53.Kc6 Kb8 54.Re7 {#r} 1-0

[Event "Ch France (team)"]
[Site "France"]
[Round "0"]
[White "Sharif Mehrshad (FRA)"]
[Black "Lamorelle Yves (FRA)"]
[Result "0-1"]
[WhiteElo "2455"]
[BlackElo "2213"]

1.d4 Nf6 2.c4 d6 3.Nc3 Bf5 4.f3 e5 5.dxe5 dxe5 6.Qxd8+ Kxd8 7.Bg5 c6 8.O-O-O+
Kc7 9.g3 Nfd7 10.Bh3 Bg6 11.e4 f6 12.Be3 Bf7 13.b3 Bc5 14.Bxc5 Nxc5 15.Nge2
Nba6 16.Rd2 Rad8 17.Rhd1 Rxd2 18.Rxd2 h5 19.Na4 h4 20.Nxc5 Nxc5 21.Bg4 hxg3
22.hxg3 Rh1+ 23.Kc2 a5 24.Nc3 Be6 25.Na4 Nxa4 26.Bxe6 Nc5 27.Bg4 Rg1 28.Rh2
Rxg3 29.Rh7 Rg2+ 30.Kb1 Nd3 31.Rxg7+ Kb6 32.Rd7 Nb4 33.a3 Nc2 34.Kb2 Nd4+
35.Kc3 Rc2+ 36.Kd3 Rb2 37.b4 axb4 38.axb4 Rxb4 39.Rd6 Rb3+ 40.Kd2 Nxf3+ 41.Kc2
Re3 42.Be6 Nd4+ 43.Kd2 Rxe4 44.Bc8 Nb3+ 45.Kc3 Na5 46.Rd7 Rxc4+ {#R} 0-1

[Event "Ch Germany (team)"]
[Site "Germany"]
[Round "1"]
[White "Freder Heinrich (GER)"]
[Black "Schmidt Waldemar (GER)"]
[Result "1/2-1/2"]
[WhiteElo "2013"]
[BlackElo "2029"]

1.d4 Nf6 2.c4 d6 3.Nc3 Bf5 4.f3 e5 5.dxe5 dxe5 6.Bg5 Qxd1+ 7.Rxd1 Bb4 8.Bd2 c6
9.e4 Be6 10.a3 Bc5 11.b4 Bd4 12.Bd3 Nbd7 13.Nge2 O-O 14.Nxd4 exd4 15.Ne2 Ne5
16.Bf4 Nxd3+ 17.Rxd3 Bxc4 18.Rxd4 Be6 19.Kf2 a5 20.Rhd1 Rfe8 21.g4 h6 22.h4
axb4 23.axb4 Ra2 24.R1d2 Rea8 25.Be5 Rxd2 26.Rxd2 Nd7 27.Bd4 f6 28.Nf4 Kf7
29.h5 b6 30.Rc2 Ra2 31.Rxa2 Bxa2 32.Ke3 Bb3 33.Bc3 Ke7 34.Ne2 c5 35.f4 Be6
36.f5 Bb3 37.bxc5 bxc5 38.Nf4 Kd6 39.Nd3 Bc2 40.Ne1 Bd1 41.Kf4 Be2 42.Nc2 Ne5
43.Ne3 Nd3+ 44.Kg3 Ne5 {#d} 1/2-1/2

[Event "Ch City"]
[Site "Graz (Austria)"]
[Round "9"]
[White "Vodep Otto (AUT)"]
[Black "Koelldorfer Franz (AUT)"]
[Result "1/2-1/2"]
[WhiteElo "2144"]
[BlackElo "2009"]

1.d4 Nf6 2.c4 d6 3.Nc3 Bf5 4.f3 e5 5.e4 exd4 6.Qxd4 Nc6 7.Qd2 Be6 8.b3 Be7
9.Bb2 O-O 10.Nge2 Nd7 11.Nf4 Bg5 12.O-O-O f5 13.Kb1 Bxf4 14.Qxf4 fxe4 15.Qe3
Bf5 16.fxe4 Bg6 17.Bd3 Nde5 18.Be2 Qh4 19.g3 Qh3 20.c5 dxc5 21.Qxc5 Rae8
22.Bc4+ Nxc4 23.Qxc4+ Qe6 24.Qxe6+ Rxe6 25.Rd7 Re7 26.Rxe7 Nxe7 27.Ba3 Rf3
{#d} 1/2-1/2

[Event "Ch Hungary (team) 1993/94"]
[Site "Hungary"]
[Round "0"]
[White "Krizsany Laszlo (HUN)"]
[Black "Gyurkovics Miklos (HUN)"]
[Result "1/2-1/2"]
[WhiteElo "2395"]
[BlackElo "2135"]

1.d4 Nf6 2.c4 d6 3.Nc3 Bf5 4.f3 e5 5.e4 exd4 6.Nd5 Be6 7.Qxd4 Nc6 8.Qc3 Be7
9.Ne2 O-O 10.Nxe7+ Qxe7 11.Bg5 Rfe8 12.Ng3 Ne5 13.Be2 h6 14.Be3 Qf8 15.O-O
Ned7 16.b3 a5 17.f4 Bg4 18.Bd3 h5 19.h3 h4 20.Nh1 Bf5 21.Bf2 Nxe4 22.Bxe4 Bxe4
23.Bxh4 Nc5 24.Bf2 Nd3 25.Ng3 Nxf2 26.Rxf2 d5 27.cxd5 Bxd5 28.Qxc7 Ra6 29.f5
Qb4 30.Kh2 Rh6 31.Rd1 Bc6 32.f6 g6 33.Rd8 Rxd8 34.Qxd8+ Qf8 35.Rd2 Qxd8
36.Rxd8+ Kh7 37.Nf1 g5 38.Rd6 g4 39.Ne3 gxh3 40.gxh3 Kg6 41.Rd8 Rh5 42.Ng4 Rc5
43.Rh8 Bf3 44.Rg8+ {#d} 1/2-1/2

[Event "It (open)"]
[Site "Karvina (Czech Republic)"]
[Round "0"]
[White "Czerwonski Aleksander (POL)"]
[Black "Socko Monika (POL)"]
[Result "1-0"]
[WhiteElo "2395"]
[BlackElo "2165"]

1.d4 Nf6 2.c4 d6 3.Nc3 Bf5 4.f3 e5 5.e4 exd4 6.Qxd4 Be6 7.Be3 Nc6 8.Qd2 g6
9.b3 Bg7 10.Nge2 O-O 11.Nf4 Nd7 12.Be2 Qh4+ 13.g3 Qf6 14.Rc1 Rae8 15.O-O Qd8
16.Rf2 a6 17.Bf1 Kh8 18.Bg2 Nde5 19.Rd1 b6 20.Nxe6 fxe6 21.h3 Nd7 22.f4 e5
23.f5 Nd4 24.g4 h5 25.Nd5 c6 26.Bg5 Nf6 27.Bxf6 Bxf6 28.Qh6+ Kg8 29.fxg6 {#r}
1-0

[Event "It (open)"]
[Site "Le Touquet (France)"]
[Round "0"]
[White "Hardier Bertrand (FRA)"]
[Black "Benoit Michel (FRA)"]
[Result "0-1"]
[WhiteElo "2137"]
[BlackElo "2205"]

1.d4 Nf6 2.c4 d6 3.Nc3 Bf5 4.f3 e5 5.e4 exd4 6.Qxd4 Be6 7.Be3 g6 8.Qd2 Nc6
9.Be2 Bg7 10.f4 O-O 11.Nf3 Re8 12.a3 Na5 13.Qc2 Bxc4 14.Bxc4 Nxc4 15.Bc1 Nxe4
16.Nxe4 d5 17.O-O dxe4 18.Qxc4 exf3 19.gxf3 Qd4+ 20.Qxd4 Bxd4+ 21.Kh1 Re2
22.Rb1 f5 23.b4 Rae8 {#R} 0-1

[Event "It (open)"]
[Site "Maromme"]
[Round "0"]
[White "Gervais Claire (FRA)"]
[Black "Grigore George-Gabriel (ROM)"]
[Result "0-1"]
[WhiteElo "2118"]
[BlackElo "2440"]

1.d4 Nf6 2.c4 d6 3.Nc3 Bf5 4.f3 e5 5.e4 exd4 6.Qxd4 Nc6 7.Qd1 Be6 8.b3 g6
9.Bg5 Bg7 10.Nge2 h6 11.Be3 Nd7 12.Rc1 a5 13.Qd2 Nc5 14.Nd4 O-O 15.Be2 Nxd4
16.Bxd4 f5 17.Bxg7 Kxg7 18.Qd4+ Qf6 19.Qxf6+ Rxf6 20.exf5 Bxf5 21.Nd5 Rf7
22.Kd2 Be6 23.Ne3 Bd7 24.Rhe1 Bc6 25.Rcd1 g5 26.h4 gxh4 27.Rh1 Rf4 28.Rxh4
Rxh4 29.Nf5+ Kf6 30.Nxh4 Ne6 31.Ke3 Re8 32.Bd3 Nc5+ 33.Kf2 Nxd3+ 34.Rxd3 b5
35.Rc3 b4 36.Rd3 a4 37.g4 h5 38.gxh5 Rh8 39.Rd4 Rxh5 40.Rf4+ Ke6 41.Rd4 a3
42.Ke3 Bd7 43.Ng2 Rh2 44.Nf4+ Kf7 45.Ne2 Be6 46.Rf4+ Ke7 47.Re4 Kd7 48.Rd4 c5
49.Rd2 Rh1 50.Nf4 Bf5 51.Nd3 Kc6 52.Ke2 Bh7 53.Ke3 Bg8 54.Nf4 Re1+ 55.Kf2 Rc1
56.Ke3 Bh7 57.Nd3 Rc3 58.Ke2 Bf5 59.Ke3 d5 60.cxd5+ Kxd5 61.Ke2 Kc6 62.Ne5+
Kb5 63.Nd3 Bh7 64.f4 Bf5 65.Ne5 Be6 {#R} 0-1

[Event "Ch Romania (team)"]
[Site "Romania"]
[Round "0"]
[White "Cosma Ioan (ROM)"]
[Black "Radovici Corvin (ROM)"]
[Result "1/2-1/2"]
[WhiteElo "2465"]
[BlackElo "2385"]

1.d4 Nf6 2.c4 d6 3.Nc3 Bf5 4.f3 e5 5.e4 exd4 6.Qxd4 Nc6 7.Qd2 Be6 8.b3 Be7
9.Bb2 O-O 10.Nge2 Nd7 11.Nd5 Bg5 12.f4 Be7 13.O-O-O f5 14.exf5 Bxf5 15.Ng3 Bg6
16.Bd3 Bxd3 17.Qxd3 Bf6 18.Nxf6+ Nxf6 19.Rhe1 Qd7 20.Ne4 Nxe4 21.Qxe4 Qf7
22.g3 Rae8 23.Qd3 a5 24.Bc3 b6 25.Re4 Nb4 26.Bxb4 axb4 27.Rde1 Rxe4 28.Qxe4
Qf6 29.Kb1 h6 30.Qd5+ Kh8 31.Qe4 Kg8 32.h4 Qc3 33.Qe6+ Kh8 34.Qe3 Qf6 35.Qd3
Kg8 36.Re3 Kh8 37.Qe4 Kg8 38.Qe6+ Qxe6 39.Rxe6 Kf7 40.Re3 h5 41.Rd3 Ke6 42.Rd5
Rf5 43.Rd3 b5 44.Kb2 bxc4 45.bxc4 Ra5 46.Rb3 c5 47.Re3+ Kf6 48.Rd3 Ra6 49.Rd5
g6 50.Kb1 Ke6 51.Rg5 Kf6 52.Rd5 Ke6 53.Rg5 Kf6 {#d} 1/2-1/2

[Event "Ch Romania (team)"]
[Site "Romania"]
[Round "0"]
[White "Levin Felix (GER)"]
[Black "Radovici Corvin (ROM)"]
[Result "1-0"]
[WhiteElo "2480"]
[BlackElo "2385"]

1.d4 Nf6 2.c4 d6 3.Nc3 Bf5 4.f3 e5 5.e4 exd4 6.Qxd4 Nc6 7.Qd2 Be6 8.Bd3 Ne5
9.b3 Nxd3+ 10.Qxd3 Be7 11.Nge2 O-O 12.O-O c6 13.Bb2 Qb6+ 14.Kh1 Rad8 15.Rad1
Qc7 16.f4 a6 17.f5 Bc8 18.Qg3 b5 19.Nf4 Bb7 20.c5 Qb8 21.cxd6 Bxd6 22.Ncd5
Bxf4 23.Nxf6+ Kh8 24.Qh3 h6 25.Nd7 Rxd7 26.Rxd7 Bc8 27.Rdd1 f6 28.Bc1 Bxc1
29.Rxc1 Qe5 30.Rxc6 Qxe4 31.Rc7 Rg8 32.Qf3 Qe5 33.Qc3 Qe2 34.Kg1 b4 35.Qc5 Qe8
36.Re7 Qd8 37.Qxb4 a5 38.Qc5 Ba6 39.Rfe1 Qd2 40.Qf2 Qd3 41.Re8 Rxe8 42.Rxe8+
Kh7 43.h3 Bb5 44.Ra8 Qc3 45.Ra7 a4 46.bxa4 Bc4 47.Kh2 Qb4 48.Qf4 Qa3 49.Qc7
Bf7 50.Qg3 Qxa2 51.Rxf7 {#r} 1-0

[Event "It (open)"]
[Site "Stockholm (Sweden)"]
[Round "0"]
[White "Penalver Osmani (SWE)"]
[Black "Ranby Hans (SWE)"]
[Result "1-0"]
[WhiteElo "2270"]
[BlackElo "1938"]

1.d4 Nf6 2.c4 d6 3.Nc3 Bf5 4.f3 Nbd7 5.e4 Bg6 6.h4 e5 7.d5 Be7 8.g4 h6 9.Be3
a5 10.a3 Nc5 11.b4 Na6 12.h5 Bh7 13.c5 axb4 14.Qa4+ Nd7 15.axb4 O-O 16.Bb5 Nf6
17.c6 bxc6 18.Bxc6 Rb8 19.Qxa6 Rxb4 20.Nge2 Nd7 21.Qa3 Rb8 22.Ba7 Bh4+ 23.Kf1
Qf6 24.Kg2 Rbd8 25.Be3 Kh8 26.Rh3 Nb6 27.Qa2 Rg8 28.Ng3 g6 29.Rah1 Bg5 30.Bxg5
Qxg5 31.hxg6 Bxg6 32.Rxh6+ Kg7 33.Nf5+ Bxf5 34.exf5 Qe3 35.Ne4 Kf8 36.Rh8 Kg7
37.R1h7+ Kf8 38.Rxg8+ Kxg8 39.Nf6+ Kf8 40.Rh8+ Ke7 41.Ng8+ Rxg8 42.Rxg8 {#r}
1-0

[Event "It (open)"]
[Site "Tarragona (Spain)"]
[Round "4"]
[White "Martinez Lelys (CUB)"]
[Black "Ordobas Martinez Vicens (ESP)"]
[Result "0-1"]
[WhiteElo "2464"]
[BlackElo "2076"]

1.d4 Nf6 2.c4 d6 3.Nc3 Bf5 4.f3 e5 5.e4 exd4 6.Nb5 Be6 7.Nxd4 Nc6 8.Be3 Be7
9.Nxe6 fxe6 10.Nh3 Qd7 11.Qb3 b6 12.Be2 O-O 13.O-O Kh8 14.Rad1 Rab8 15.a3 e5
16.Qc2 Nh5 17.b4 Qe6 18.Qa4 Nd4 19.Bxd4 exd4 20.Rxd4 Bf6 21.Rd5 Be5 22.Qxa7
Qc8 23.Qa4 Rf6 24.Qb3 Qd7 25.Qe3 Rbf8 26.Rfd1 Rg6 27.Kh1 Qe7 28.Qf2 c6 29.R5d3
c5 30.Rb3 Bd4 31.Rxd4 cxd4 32.Qxd4 Qh4 33.Qf2 Qf6 34.Qxb6 Nf4 35.Nxf4 Qxf4
36.Qe3 Qe5 37.Qc3 Qg5 38.Bf1 Rh6 39.Qe3 Qh4 40.h3 Qg3 41.Qg1 g5 42.Rd3 g4
43.fxg4 Qxg4 44.Qd4+ Kg8 45.Kg1 Qh4 46.Qe3 Rg6 47.Rd1 Rg3 48.Qe1 Qxh3 49.Rd3
Rxg2+ 50.Bxg2 Qxd3 51.Qc1 Qg3 52.Qd2 Rf6 53.a4 h5 54.Qd5+ Kg7 55.Qxh5 Qe1+
56.Kh2 {#R} 0-1

[Event "Ch Mongolia"]
[Site "Ulan Bator (Mongolia)"]
[Round "0"]
[White "Ganbold Choidog (MGL)"]
[Black "Bayarsaihan Yondon (MGL)"]
[Result "1-0"]
[WhiteElo "2171"]
[BlackElo "2022"]

1.d4 d6 2.c4 Nf6 3.Nc3 Bf5 4.f3 e5 5.e4 exd4 6.Qxd4 Nc6 7.Qf2 Be6 8.b3 g6
9.Bb2 Bg7 10.Rd1 Qe7 11.Bd3 O-O 12.Bb1 a5 13.Nd5 Bxd5 14.cxd5 Nb4 15.Ne2 Na6
16.O-O Ne8 17.Bxg7 Nxg7 18.Nd4 Rfc8 19.f4 f6 20.f5 g5 21.Ne6 Nc5 22.e5 Nd7
23.exf6 Qxf6 24.Qe3 h6 25.Rc1 c5 26.dxc6 bxc6 27.Qd3 Ne8 28.Nd4 Nc5 29.Qe3 Ng7
30.Rfd1 {#r} 1-0

[Event "Ch Yugoslavia (team) (1 liga)"]
[Site "Yugoslavia"]
[Round "6"]
[White "Mutchnik Larisa (UKR)"]
[Black "Petrovic Marija (SRB)"]
[Result "0-1"]
[WhiteElo "2168"]
[BlackElo "2148"]

1.d4 Nf6 2.c4 d6 3.Nc3 Bf5 4.f3 e5 5.dxe5 dxe5 6.Qxd8+ Kxd8 7.e4 Be6 8.Bg5 c6
9.Nh3 Bxh3 10.gxh3 Nd7 11.O-O-O Bc5 12.h4 Kc7 13.Bh3 h6 14.Bd2 Rad8 15.Kc2 Bf2
16.Be1 Bxe1 17.Rhxe1 g5 18.Rg1 Rdg8 19.h5 Nc5 20.Bg4 a5 21.Ne2 Ne6 22.h3 Rd8
23.b3 Nd4+ 24.Nxd4 Rxd4 25.Rxd4 exd4 26.e5 Ng8 27.f4 gxf4 28.Rf1 f6 29.exf6
Nxf6 30.Rxf4 Rf8 31.Rxd4 Kb6 32.Rf4 Kc5 33.a3 b6 34.Bf3 Kd6 35.Bg4 Ke5 36.Rf1
Nh7 37.Rxf8 Nxf8 38.Kd3 Nh7 39.b4 axb4 40.axb4 c5 41.bxc5 bxc5 42.Ke3 Ng5
43.Bc8 Ne4 44.Bg4 Nd6 45.Be2 Nf5+ 46.Kd3 Kf4 47.Bg4 Nd6 48.Be6 Ne4 49.Kc2 Nf6
50.Bf7 Ke3 51.Kb3 Kd4 52.Ka4 Ne4 53.Bd5 Ng5 54.Kb5 Nxh3 55.Kc6 Nf4 56.Bf7 Nd3
57.Kd6 Ne5 58.Ke7 Nxc4 59.Bxc4 Kxc4 60.Kf6 Kd5 61.Kg6 c4 62.Kxh6 c3 63.Kg7 c2
64.h6 c1=Q 65.h7 Qc7+ 66.Kg8 Ke6 {#R} 0-1

[Event "It"]
[Site "Mineola (USA)"]
[Round "6"]
[White "Goregliad Sergei (USA)"]
[Black "Ritter Mark (USA)"]
[Result "0-1"]
[WhiteElo "2300"]
[BlackElo "2402"]

1.d4 Nf6 2.c4 d6 3.Nc3 Bf5 4.f3 e5 5.e4 exd4 6.Nd5 Be6 7.Qxd4 Nc6 8.Qc3 Be7
9.Nxe7 Qxe7 10.Bg5 Nxe4 11.Qxg7 Qxg5 12.Qxg5 Nxg5 13.h4 Nxf3+ 14.Nxf3 Ne5
15.Nd4 Rg8 16.b3 O-O-O 17.O-O-O Rg4 18.Nc2 Rdg8 19.Re1 b6 20.Kd2 a5 21.h5 h6
22.Ne3 Rf4 23.Be2 Kd8 24.Ref1 Rxf1 25.Rxf1 Ke7 26.Rf4 Rg5 27.g4 Nd7 28.Bd3 Re5
29.Bf5 Nf6 30.Rf3 Ne4+ 31.Kd3 Ng5 32.Rf1 b5 33.a4 bxa4 34.bxa4 Rc5 35.Kd4 Rc6
36.Be4 Rb6 37.Bc2 Rb4 38.Kc3 c6 39.Nf5+ Bxf5 40.Rxf5 c5 41.Rf1 Rb8 42.Bd3 Ne6
43.Bc2 Nd4 44.Bd1 Nc6 45.Bf3 Ne5 46.Bd5 f6 47.Re1 Rb4 48.Re4 Rxa4 49.Kb3 Rb4+
50.Ka3 Rb1 51.Re2 Ra1+ 52.Kb2 Rg1 53.Ka3 Rxg4 54.Ka4 f5 55.Kxa5 Kf6 56.Kb5 f4
57.Kb6 Rg7 58.Rd2 Kf5 59.Rd1 Ng4 60.Rg1 {#R} 0-1

[Event "It (open)"]
[Site "Berlin (Germany)"]
[Round "7"]
[White "Hetey Laszlo (GER)"]
[Black "Moehring Guenther (GER)"]
[Result "1-0"]
[WhiteElo "2290"]
[BlackElo "2325"]

1.d4 Nf6 2.c4 d6 3.Nc3 Bf5 4.f3 e5 5.dxe5 dxe5 6.Qxd8+ Kxd8 7.e4 Be6 8.Be3 c6
9.Na4 Nbd7 10.Bd3 Kc7 11.b3 Rd8 12.Rd1 Bb4+ 13.Kf2 Nb6 14.Nc5 Bc8 15.Ne2 Nfd7
16.Nxd7 Nxd7 17.Bc2 Nc5 18.h4 Ne6 19.g3 a5 20.f4 f6 21.f5 Nc5 22.g4 Rxd1
23.Rxd1 Rd8 24.Rg1 Nd3+ 25.Bxd3 Rxd3 26.g5 Rxe3 27.gxf6 Rxe2+ 28.Kxe2 gxf6
29.Rg7+ Kd6 30.Rxh7 b5 31.cxb5 cxb5 32.h5 {#r} 1-0

[Event "It (open)"]
[Site "Cappelle la Grande (France)"]
[Round "2"]
[White "Delagontrie Jean"]
[Black "Benoit Michel (FRA)"]
[Result "0-1"]
[WhiteElo "2000"]
[BlackElo "2205"]

1.d4 Nf6 2.c4 d6 3.Nc3 Bf5 4.f3 e5 5.dxe5 dxe5 6.Qxd8+ Kxd8 7.e4 Be6 8.Be3 c6
9.Nh3 h6 10.Nf2 Nbd7 11.Be2 Nb6 12.b3 Nfd7 13.Nd3 Be7 14.O-O g5 15.Rfd1 Kc7
16.Rac1 f6 17.Nd5+ Kd8 18.Nxe7 Kxe7 19.c5 Nc8 20.Nb2 Rd8 21.Nc4 Bxc4 22.Bxc4
Nf8 23.Rxd8 Kxd8 24.g3 b5 25.cxb6 axb6 26.a4 Kc7 27.Rd1 Rb8 28.f4 Nd6 29.Bd3
Ne6 30.fxe5 fxe5 31.Rf1 Nc5 32.Bc2 Ncxe4 33.Bc1 Nc3 34.Re1 e4 35.Bb2 Nd5
36.Bg7 Rg8 37.Be5 e3 38.Bd3 Re8 39.Bg7 Re6 40.Re2 Nb4 41.Bb1 c5 42.Bb2 Kc6
43.Bh7 Re7 44.Bg6 b5 45.axb5+ Nxb5 46.Bc1 Nd5 47.Bh5 Nd4 48.Re1 Nxb3 49.Bf3
Nxc1 50.Rxc1 Re5 51.Kf1 Kd6 52.Ke2 Ne7 53.Ra1 Nf5 54.Ra6+ Kc7 55.Bh5 Nd4+
56.Ke1 Kb7 57.Ra2 Kc6 58.Rb2 c4 59.Be2 Kc5 60.Rb8 c3 61.Rc8+ Nc6 62.Kd1 Rd5+
63.Kc1 Rd8 {#R} 0-1

[Event "It"]
[Site "Long Island (USA)"]
[Round "3"]
[White "Goregliad Sergei (USA)"]
[Black "Ritter Mark (USA)"]
[Result "1/2-1/2"]
[WhiteElo "2320"]
[BlackElo "2405"]

1.d4 Nf6 2.c4 d6 3.Nc3 Bf5 4.f3 e5 5.d5 e4 6.Qd4 c5 7.Qf2 Nbd7 8.g4 Bg6 9.g5
Nh5 10.Qe3 Ne5 11.Nxe4 Be7 12.Ng3 O-O 13.Nxh5 Bxh5 14.b3 Re8 15.f4 Bxg5
16.fxg5 Nf3+ 17.Nxf3 Rxe3 18.Bxe3 Qe7 19.Kf2 Qe4 20.Rd1 Re8 21.Rd3 f5 22.gxf6
Bxf3 23.exf3 Qh4+ 24.Ke2 Qxf6 25.Bh3 Re5 26.Be6+ Kf8 27.h4 Qg6 28.Rf1 Qh5
29.Rh1 Qg6 30.Rf1 {#d} 1/2-1/2

[Event "Ch Yugoslavia (team) (2 liga)"]
[Site "Tivat (Yugoslavia)"]
[Round "6"]
[White "Spiric Igor (SRB)"]
[Black "Mihalj M Miroslav (SRB)"]
[Result "1-0"]
[WhiteElo "2276"]
[BlackElo "2276"]

1.d4 Nf6 2.c4 d6 3.Nc3 Bf5 4.f3 e5 5.e4 exd4 6.Nb5 Bd7 7.Nxd4 g6 8.Nge2 Bg7
9.Bg5 O-O 10.Qd2 Nc6 11.Rd1 Qe8 12.Nb5 Rc8 13.Nec3 a6 14.Nxc7 Rxc7 15.Qxd6
Nxe4 16.Nxe4 Be5 17.Qd5 Be6 18.Qxe5 Nxe5 19.Nf6+ Kg7 20.Nxe8+ Rxe8 21.Kf2 Nxc4
22.Rc1 Rcc8 23.b3 Ne5 24.Be2 Bf5 25.Rhd1 f6 26.Be3 Kf7 27.g4 Be6 28.h3 Nc6
29.Bc5 Red8 30.Rxd8 Rxd8 31.Rd1 Rd5 32.Rxd5 Bxd5 33.f4 Ke6 34.Bd3 f5 35.gxf5+
gxf5 36.Ke3 Nd8 37.Kd4 Nc6+ 38.Ke3 Nd8 39.h4 Nc6 40.Bc2 Kf6 41.Bd1 Kg6 42.a3
Kf6 43.b4 Nd8 44.Bd4+ Ke6 45.a4 Nc6 46.Bc3 Bc4 47.Bf3 Bf1 48.h5 Ke7 49.Bd5 h6
50.Bg7 Nxb4 51.Bxb7 a5 52.Bxh6 Bc4 53.Bg5+ Ke8 54.h6 Kf7 55.Bc8 Bd3 56.Be6+
Kg6 57.Bg8 {#r} 1-0

[Event "It (open)"]
[Site "Aberdeen (Scotland)"]
[Round "5"]
[White "Berry Neil (SCO)"]
[Black "Whyte B"]
[Result "1/2-1/2"]
[WhiteElo "2150"]
[BlackElo "2200"]

1.d4 Nf6 2.c4 d6 3.Nc3 Bf5 4.f3 e5 5.e4 exd4 6.Qxd4 Be6 7.Bg5 c5 8.Qd2 Be7
9.b3 Nc6 10.Nge2 Qa5 11.Be3 O-O 12.Nf4 a6 13.Rd1 Rab8 14.Be2 Rfd8 15.O-O Bf8
16.Ncd5 Qxd2 17.Nxf6+ gxf6 18.Rxd2 b5 19.Nd5 Kg7 20.f4 f5 21.exf5 Bxf5 22.g4
Be4 23.Nc3 f5 24.Nxe4 fxe4 25.g5 Re8 26.Bh5 Red8 27.Rg2 bxc4 28.bxc4 Nd4 29.f5
Kh8 30.g6 hxg6 31.Rxg6 Rd7 32.Rg2 Rg7 33.Rxg7 Kxg7 34.f6+ Kh7 35.f7 Bg7 36.Rf2
Rf8 37.Rg2 Nf3+ 38.Kf2 Ne5 39.Ke2 Nxf7 40.Bg6+ Kg8 41.Bxe4 Re8 42.Bd5 Re7
43.Kd2 Kh7 44.Rg4 Bf6 45.Bf4 Nh6 46.Bxh6 {#d} 1/2-1/2

[Event "Memorial Bela Papp (open)"]
[Site "Budapest (Hungary)"]
[Round "2"]
[White "Kahn Evarth Dr (HUN)"]
[Black "Francsics Endre (HUN)"]
[Result "0-1"]
[WhiteElo "2380"]
[BlackElo "2220"]

1.d4 Nf6 2.c4 d6 3.Nc3 Bf5 4.f3 Nbd7 5.e4 Bg6 6.Be3 e5 7.d5 a5 8.Qd2 Nc5
9.Nge2 Nfd7 10.Qc2 Be7 11.b3 Rf8 12.g4 h5 13.h3 Bg5 14.Bf2 hxg4 15.hxg4 Ke7
16.Bh4 Bxh4+ 17.Rxh4 Rh8 18.Rxh8 Qxh8 19.Kf2 Qh6 20.Bg2 Nf6 21.Rh1 Qg5 22.a3
Ncxe4+ 23.Nxe4 Bxe4 24.fxe4 Nxg4+ 25.Kf3 f5 26.exf5 Rf8 27.Rf1 Nh2+ 28.Kf2
Rxf5+ 29.Ke1 Nxf1 30.Bxf1 Qh4+ 31.Kd2 Rxf1 {#R} 0-1

[Event "Ch Yugoslavia (team) (w)"]
[Site "Budva (Yugoslavia)"]
[Round "7"]
[White "Maksimovic Suzana (SRB)"]
[Black "Petrovic Marija (SRB)"]
[Result "1-0"]
[WhiteElo "2295"]
[BlackElo "2265"]

1.d4 Nf6 2.c4 d6 3.Nc3 Bf5 4.f3 e5 5.e4 exd4 6.Qxd4 Nc6 7.Qd2 Be6 8.b3 g6
9.Bb2 Bg7 10.Nge2 O-O 11.h4 a5 12.h5 Nxh5 13.g4 Ne5 14.Bg2 Nf6 15.Nf4 Bxc4
16.bxc4 Nxc4 17.Qe2 Nxb2 18.Qxb2 b5 19.Qc1 b4 20.Nce2 d5 21.g5 Nd7 22.Nxd5 c6
23.Nf6+ Nxf6 24.gxf6 Qxf6 25.Rb1 Qd6 26.f4 Rac8 27.e5 Qe7 28.Qc4 Rfd8 29.Bxc6
Rd7 30.Qe4 Rdc7 31.Bd5 Rd8 32.Rd1 a4 33.Nd4 Rf8 34.Rh3 Rc3 35.Nc6 Qc5 36.Rxc3
Qxc3+ 37.Ke2 b3 38.axb3 axb3 39.Qd3 Qb2+ 40.Rd2 Qc1 41.Qxb3 Qg1 42.Qh3 h5
43.Qg2 Qxg2+ 44.Bxg2 Bh6 45.Rd4 Kg7 46.Bd5 Ra8 47.Rb4 Re8 48.Rb7 Bxf4 49.Rxf7+
Kh6 50.Rxf4 Kg5 51.Rf7 {#r} 1-0

[Event "It (open)"]
[Site "Ceske Budejovice (Czech Republic)"]
[Round "2"]
[White "Shkadiouk Alexandr (RUS)"]
[Black "Barchanek Antonin (CZE)"]
[Result "0-1"]
[WhiteElo "2152"]
[BlackElo "2076"]

1.d4 Nf6 2.c4 d6 3.Nc3 Bf5 4.f3 e5 5.e4 exd4 6.Qxd4 Nc6 7.Qd1 Be6 8.Nge2 Bxc4
9.Nd4 Bxf1 10.Nxc6 bxc6 11.Rxf1 Be7 12.Qa4 Qd7 13.Be3 O-O 14.O-O-O Rfb8 15.g4
a5 16.g5 Rb4 17.Qc2 Ne8 18.f4 Rab8 19.b3 Qh3 20.Qe2 a4 21.Rf3 Qe6 22.f5 Qe5
23.Qd3 axb3 24.a3 b2+ 25.Kb1 Rb3 26.Bd4 Qa5 27.a4 Ra3 28.f6 Bf8 29.fxg7 Bxg7
30.e5 Qb4 31.e6 fxe6 32.Rh3 Ra1+ 33.Kc2 Qb3+ 34.Kd2 Rxd1+ 35.Nxd1 Qxd3+ {#R}
0-1

[Event "It (open)"]
[Site "Finkenstein (Austria)"]
[Round "6"]
[White "Buck Lars (GER)"]
[Black "Berger Hermann (GER)"]
[Result "1/2-1/2"]
[WhiteElo "2152"]
[BlackElo "2275"]

1.d4 Nf6 2.c4 d6 3.Nc3 Bf5 4.f3 e5 5.dxe5 dxe5 6.Qb3 Qc8 7.e4 Be6 8.Bd3 Nbd7
9.Be3 c6 10.Qc2 Bc5 11.Qf2 b6 12.Nge2 O-O 13.O-O Bxe3 14.Qxe3 Nc5 15.b3 Rd8
16.Bc2 Qc7 17.Rfd1 Rxd1+ 18.Rxd1 Rd8 19.Qc1 a5 20.Kf2 Bc8 21.Rxd8+ Qxd8 22.Qd1
Qe7 23.Qd2 Ne6 24.Bb1 Nc5 25.Nc1 Nfd7 26.N3e2 Ne6 27.Nd3 Nec5 28.Ne1 Ne6
29.Qc3 Qc5+ 30.Kf1 Qd6 31.Nc2 Ndc5 32.Ne3 Nd4 33.Qd2 Qf6 34.Ng3 g6 35.Kf2 h5
36.Ne2 Nce6 37.Nc2 Nxe2 38.Qxe2 Qd8 39.Ne3 Kg7 40.Qd1 Qe7 41.Bd3 Qc5 42.Qd2
Qd4 43.Ke1 Qc5 44.Be2 Qe7 45.g3 Nd4 46.Nc2 Nxc2+ 47.Qxc2 Qd6 48.Qc3 f6 49.Qe3
c5 50.a3 Be6 51.Kf2 g5 52.h4 gxh4 53.gxh4 Qd8 54.f4 Qd6 55.Bxh5 exf4 56.Qc3
Qe5 57.Qf3 Qd4+ 58.Kg2 Qd2+ 59.Kg1 Qe1+ {#d} 1/2-1/2

[Event "Olympiade (blindfold)"]
[Site "Laguna (Brazil)"]
[Round "5"]
[White "Berlinsky Vladimir (RUS)"]
[Black "Suder Ryszard (POL)"]
[Result "1-0"]
[WhiteElo "2255"]
[BlackElo "2229"]

1.d4 Nf6 2.c4 d6 3.Nc3 Bf5 4.f3 e5 5.d5 Be7 6.e4 Bc8 7.Be3 a5 8.Bd3 Nbd7
9.Nge2 Nc5 10.Bc2 Nfd7 11.O-O Bg5 12.Bf2 h5 13.a3 h4 14.Rb1 Qf6 15.b4 axb4
16.axb4 Na6 17.h3 Qh6 18.Qd3 Nf6 19.Ba4+ Kf8 20.c5 Nh5 21.c6 bxc6 22.Bxc6 Rb8
23.Bb5 Ng3 24.Bxa6 Nxf1 25.Kxf1 Bxa6 26.Qxa6 Be3 27.Qc6 Kg8 28.Qxc7 Kh7
29.Bxe3 Qxe3 30.Qxd6 f6 31.Qc5 Qd3 32.Rd1 Qc2 33.d6 Rhc8 34.d7 Rxc5 35.bxc5
Qb3 36.d8=Q Rxd8 37.Rxd8 Qa3 38.c6 Qc5 39.Rc8 Kg6 40.c7 Qc6 41.Nd5 Qa6 42.Rb8
Qa1+ 43.Kf2 Qa7+ 44.Rb6 {#r} 1-0

[Event "It (open)"]
[Site "Valencia (Spain)"]
[Round "0"]
[White "Coret Frasquet Jose (ESP)"]
[Black "Garzon Roger J A (ESP)"]
[Result "1-0"]
[WhiteElo "2300"]
[BlackElo "2147"]

1.d4 Nf6 2.c4 d6 3.Nc3 Bf5 4.f3 e5 5.e4 exd4 6.Qxd4 Nc6 7.Qd1 Be6 8.b3 g6
9.Bb2 Bg7 10.Nge2 O-O 11.Nf4 Nd7 12.Nxe6 fxe6 13.Be2 Qh4+ 14.g3 Qh3 15.Bf1 Qh5
16.f4 Qa5 17.Qd2 Nd4 18.O-O-O Nc5 19.Kb1 a6 20.Bg2 Rab8 21.Ne2 Qxd2 22.Rxd2
Nxe2 23.Rxe2 Bxb2 24.Kxb2 e5 25.fxe5 Nd3+ 26.Kc3 Nxe5 27.Rd1 Rbe8 28.b4 Kf7
29.Rd5 Ke7 30.c5 g5 31.Red2 Rf6 32.Kb3 g4 33.cxd6+ cxd6 34.Rc2 Kd7 35.b5 axb5
36.Rxb5 Rb8 37.Rd2 Ke7 38.a4 Rh6 39.Bh1 Nd7 40.e5 Nxe5 41.Rxb7+ Rxb7+ 42.Bxb7
Nf3 43.Rd5 Rxh2 44.a5 Nd2+ 45.Kb4 Ne4 46.a6 Rb2+ 47.Ka3 Rb1 48.Ra5 Nc3 49.a7
Nb5+ 50.Rxb5 Ra1+ 51.Kb2 Rxa7 52.Be4 Kf6 53.Rf5+ Ke6 54.Rh5 Kf6 55.Rxh7 Ra5
56.Bc2 Ra6 57.Rh5 Rb6+ 58.Kc3 Ra6 59.Rf5+ Ke6 60.Rf4 Ra3+ 61.Bb3+ d5 62.Rxg4
{#r} 1-0

[Event "It (open)"]
[Site "Vienna (Austria)"]
[Round "2"]
[White "Hilmer Frank (GER)"]
[Black "Flower David (WLS)"]
[Result "1-0"]
[WhiteElo "2209"]
[BlackElo "2118"]

1.d4 d6 2.c4 Nf6 3.Nc3 Bf5 4.f3 e5 5.e4 exd4 6.Nb5 Bd7 7.Nxd4 g6 8.Bg5 Bg7
9.Nge2 O-O 10.Nc3 h6 11.Bh4 Re8 12.Be2 Nc6 13.Nc2 g5 14.Bf2 Ne5 15.O-O Be6
16.Ne3 Nh5 17.g3 Ng6 18.Qc2 Ngf4 19.gxf4 gxf4 20.Ng4 Qg5 21.Kh1 f5 22.exf5
Bxf5 23.Qd2 Re6 24.Rg1 Rae8 25.Bd3 Bxd3 26.Qxd3 Ng3+ 27.hxg3 fxg3 28.Rxg3 Kh8
29.Kg2 h5 30.Rh1 h4 31.Rxh4+ Kg8 32.Nh6+ {#r} 1-0